000
00518nam a2200145Ia 4500
008
151213s9999 xx 000 0 und d
100
_a
আজহার উদ্দীন খান।
245
_a
দীপ্ত আলোর গল্প।
_c
আজহার উদ্দীন খান।
260
_a
ঢাকা
_b
সেলিনা হোসেন।
_c
1999
300
_a
8633 p.
650
_a
Bangla
650
_a
গল্প।
700
_a
আজহার উদ্দীন খান।
999
_c
4420
_d
4420